[Event "XIV American Continental"]
[Site "Sao Paulo BRA"]
[Date "2019.07.12"]
[Round "10.50"]
[White "Zimmermann, Kleber Renato Pereira"]
[Black "Bortoloso, Moacir Canella"]
[Result "1/2-1/2"]
[WhiteElo "1950"]
[BlackElo "2120"]
[EventDate "2019.07.05"]
[PlyCount "52"]
[EventRounds "11"]
[EventCountry "BRA"]

1.d4 Nf6 2.c4 e6 3.Nf3 b6 4.g3 Ba6 5.Qa4 Bb7 6.Bg2 c5 7.dxc5 bxc5 8.O-O 
Be7 9.Nc3 O-O 10.Rd1 Qb6 11.Bf4 Rd8 12.Qb5 d6 13.Qxb6 axb6 14.b3 Ne8 15.
Rac1 Nd7 16.Rc2 h6 17.h4 Ndf6 18.a4 Rd7 19.Bc1 Rb8 20.Bb2 Nc7 21.Rcd2 Rdd8
22.e3 Ne4 23.Nxe4 Bxe4 24.Ne1 Bxg2 25.Kxg2 d5 26.Be5 Bd6 1/2-1/2

[Event "XIV American Continental"]
[Site "Sao Paulo BRA"]
[Date "2019.07.12"]
[Round "10.51"]
[White "Bil Ramos, Angelo"]
[Black "Piccoli, Lucas Fonseca"]
[Result "0-1"]
[WhiteElo "1937"]
[BlackElo "2116"]
[EventDate "2019.07.05"]
[PlyCount "64"]
[EventRounds "11"]
[EventCountry "BRA"]

1.e4 c6 2.d4 d5 3.exd5 cxd5 4.c4 Nf6 5.Nc3 Nc6 6.Nf3 e6 7.c5 Bd7 8.Bg5 b6 
9.cxb6 Qxb6 10.Bxf6 gxf6 11.Qd2 Rb8 12.Rb1 Bg7 13.Be2 f5 14.Na4 Qb4 15.
Qxb4 Rxb4 16.Nc5 Nxd4 17.Nxd4 Bxd4 18.Nd3 Rb6 19.O-O Ke7 20.b3 Rc8 21.Rfc1
Rbc6 22.Kf1 Rxc1+ 23.Rxc1 Rxc1+ 24.Nxc1 e5 25.f3 e4 26.a4 Be5 27.h3 d4 28.
Kf2 Bf4 29.Na2 d3 30.Bd1 Bd2 31.fxe4 fxe4 32.g4 e3+ 0-1

[Event "XIV American Continental"]
[Site "Sao Paulo BRA"]
[Date "2019.07.12"]
[Round "10.52"]
[White "Gazola, Vanessa Ramos"]
[Black "Januario, Severino Pereira"]
[Result "1-0"]
[WhiteElo "1954"]
[BlackElo "2112"]
[EventDate "2019.07.05"]
[PlyCount "73"]
[EventRounds "11"]
[EventCountry "BRA"]

1.d4 Nf6 2.Nf3 g6 3.Bg5 Bg7 4.Nbd2 d5 5.e3 Nbd7 6.Be2 O-O 7.O-O b6 8.c3 
Bb7 9.a4 a6 10.b4 h6 11.Bh4 Ne4 12.Nxe4 dxe4 13.Nd2 Nf6 14.Qc2 Re8 15.Rfd1
Qc8 16.c4 Qf5 17.Rab1 a5 18.b5 Nd7 19.h3 Nf6 20.g4 Qd7 21.d5 g5 22.Bg3 e6 
23.dxe6 Rxe6 24.Nb3 Qe8 25.Nd4 Re5 26.Bxe5 Qxe5 27.Nf5 Bf8 28.Qb2 Qe6 29.
Rd2 Bb4 30.Rd4 Kh7 31.Rbd1 h5 32.Rd7 hxg4 33.hxg4 Rg8 34.Kg2 Bf8 35.Re7 
Qxe7 36.Nxe7 Bxe7 37.Qe5 1-0

[Event "XIV American Continental"]
[Site "Sao Paulo BRA"]
[Date "2019.07.12"]
[Round "10.53"]
[White "Maia, Marco Aurelio Ferreira"]
[Black "Moreira, Ronaldo Alonso"]
[Result "1/2-1/2"]
[WhiteElo "2108"]
[BlackElo "2058"]
[EventDate "2019.07.05"]
[PlyCount "30"]
[EventRounds "11"]
[EventCountry "BRA"]

1.d4 Nf6 2.c4 e6 3.Nc3 d5 4.cxd5 exd5 5.Bg5 Be7 6.e3 c6 7.Qc2 Nbd7 8.Bd3 
h6 9.Bh4 Nh5 10.Bxe7 Qxe7 11.Nge2 Nb6 12.O-O O-O 13.a3 a5 14.Rac1 Re8 15.
Qb3 Qd8 1/2-1/2

[Event "XIV American Continental"]
[Site "Sao Paulo BRA"]
[Date "2019.07.12"]
[Round "10.54"]
[White "Valim, Luiz Claudio"]
[Black "Carvalho, Felipe Lobo"]
[Result "1/2-1/2"]
[WhiteElo "1954"]
[BlackElo "2106"]
[EventDate "2019.07.05"]
[PlyCount "25"]
[EventRounds "11"]
[EventCountry "BRA"]

1.d4 d5 2.c4 c6 3.Nc3 Nf6 4.e3 Bf5 5.Qb3 Qb6 6.cxd5 cxd5 7.Nxd5 Nxd5 8.
Qxd5 e6 9.Qb5+ Nc6 10.Bd2 Bd6 11.Nf3 O-O 12.Be2 e5 13.Bc3 1/2-1/2

[Event "XIV American Continental"]
[Site "Sao Paulo BRA"]
[Date "2019.07.12"]
[Round "10.55"]
[White "Barreto, Ignacio C. De Barros"]
[Black "Torella, Rodolfo"]
[Result "1/2-1/2"]
[WhiteElo "2101"]
[BlackElo "2047"]
[EventDate "2019.07.05"]
[PlyCount "25"]
[EventRounds "11"]
[EventCountry "BRA"]

1.d4 Nf6 2.Nf3 d5 3.c4 c6 4.cxd5 cxd5 5.Nc3 Nc6 6.Bf4 a6 7.e3 Bf5 8.Bd3 
Bxd3 9.Qxd3 e6 10.O-O Bd6 11.Bxd6 Qxd6 12.Rac1 O-O 13.a3 1/2-1/2

[Event "XIV American Continental"]
[Site "Sao Paulo BRA"]
[Date "2019.07.12"]
[Round "10.56"]
[White "Crocitti, Daniel"]
[Black "Labussiere, Yago"]
[Result "1-0"]
[WhiteElo "1873"]
[BlackElo "2101"]
[EventDate "2019.07.05"]
[PlyCount "85"]
[EventRounds "11"]
[EventCountry "BRA"]

1.d4 Nf6 2.Nf3 g6 3.c4 Bg7 4.Nc3 O-O 5.e4 d6 6.Be2 c5 7.dxc5 Qa5 8.O-O 
Qxc5 9.h3 Nc6 10.Be3 Qa5 11.a3 Qd8 12.Rc1 b6 13.b4 Nd7 14.Qb3 Nde5 15.Ne1 
Bb7 16.f4 Nd7 17.Nf3 Re8 18.Rcd1 Qc8 19.Ng5 h6 20.Nf3 Rb8 21.Nh4 Bf6 22.
Nf3 Bg7 23.Rd2 Nf8 24.Nh2 Ne6 25.Rfd1 Nc7 26.Bg4 f5 27.exf5 gxf5 28.Bh5 
Qe6 29.Bf2 Bxc3 30.Qxc3 Rf8 31.Re1 Qf6 32.Qxf6 exf6 33.Rxd6 Rbd8 34.Red1 
Rxd6 35.Rxd6 Rd8 36.Rxf6 Ne7 37.c5 Ncd5 38.Rd6 Rc8 39.Bf3 Rc7 40.g3 Kg7 
41.Bd4+ Kh7 42.Be5 bxc5 43.Rxd5 1-0

[Event "XIV American Continental"]
[Site "Sao Paulo BRA"]
[Date "2019.07.12"]
[Round "10.57"]
[White "Souza, Wellington"]
[Black "De Arruda Filho, Nivaldo Jesus"]
[Result "1/2-1/2"]
[WhiteElo "2097"]
[BlackElo "2045"]
[EventDate "2019.07.05"]
[PlyCount "38"]
[EventRounds "11"]
[EventCountry "BRA"]

1.d4 Nf6 2.Nf3 g6 3.g3 Bg7 4.Bg2 O-O 5.O-O d5 6.Nbd2 c5 7.dxc5 Na6 8.Nb3 
Ne4 9.c3 Naxc5 10.Be3 b6 11.Bd4 e6 12.Nxc5 bxc5 13.Bxg7 Kxg7 14.Nd2 Nxd2 
15.Qxd2 Ba6 16.Rfd1 Rb8 17.b3 Qa5 18.e4 dxe4 19.Bxe4 Rbd8 1/2-1/2

[Event "XIV American Continental"]
[Site "Sao Paulo BRA"]
[Date "2019.07.12"]
[Round "10.58"]
[White "Souza, Rafael Cabral de"]
[Black "Ikejiri, Daniel Yoshito"]
[Result "1/2-1/2"]
[WhiteElo "2094"]
[BlackElo "2004"]
[EventDate "2019.07.05"]
[PlyCount "71"]
[EventRounds "11"]
[EventCountry "BRA"]

1.e4 e6 2.Nf3 d5 3.e5 c5 4.b4 b6 5.bxc5 bxc5 6.c4 d4 7.g3 Nd7 8.Bg2 Rb8 9.
O-O Ne7 10.d3 Ng6 11.Re1 Qc7 12.Qe2 Bb7 13.Nbd2 Be7 14.h4 h5 15.a4 Bc6 16.
Ne4 Ndxe5 17.Nxe5 Qxe5 18.Nf6+ Bxf6 19.Bxc6+ Ke7 20.Be4 Rb6 21.a5 Rb3 22.
Ba3 Qd6 23.Qd1 Rhb8 24.Qxh5 Ne5 25.Qe2 Nxc4 26.dxc4 d3 27.Qd2 Bc3 28.Qg5+ 
f6 29.Qxg7+ Kd8 30.Qg8+ Kc7 31.Qf7+ Kd8 32.Qg8+ Kc7 33.Qh7+ Kc8 34.Qh8+ 
Kc7 35.Qh7+ Kd8 36.Qg8+ 1/2-1/2

[Event "XIV American Continental"]
[Site "Sao Paulo BRA"]
[Date "2019.07.12"]
[Round "10.59"]
[White "Carvalho, Herbert Abreu"]
[Black "Japiassu, Ricardo de Villa Nova"]
[Result "1-0"]
[WhiteElo "2089"]
[BlackElo "1990"]
[EventDate "2019.07.05"]
[PlyCount "97"]
[EventRounds "11"]
[EventCountry "BRA"]

1.Nf3 c5 2.c4 g6 3.Nc3 Bg7 4.g3 Nc6 5.Bg2 e5 6.d3 Nge7 7.h4 h6 8.Bd2 O-O 
9.Qc1 h5 10.Nd5 d6 11.Ng5 Nxd5 12.cxd5 Ne7 13.e4 Bg4 14.Bh3 Bxh3 15.Nxh3 
Qd7 16.b3 b5 17.Kf1 Rfc8 18.a4 c4 19.dxc4 bxc4 20.b4 c3 21.Bxc3 Rc4 22.Qe3
f5 23.f3 fxe4 24.fxe4 Qg4 25.Re1 Bh6 26.Ng5 Bxg5 27.hxg5 Rac8 28.Bd2 Rc2 
29.Rh4 Qd7 30.Rh2 Qxa4 31.Rf2 Rf8 32.Rxf8+ Kxf8 33.Kg1 Ke8 34.Rf1 Qa2 35.
Rf2 Kd7 36.Kg2 Rc7 37.Qd3 Qc4 38.Qxc4 Rxc4 39.Kf3 Rc2 40.Ke3 Ra2 41.Kd3 
Ra1 42.b5 Ra4 43.Bc3 Nc8 44.Rf7+ Ne7 45.Rf6 Ra3 46.Kc4 Ra4+ 47.Bb4 a5 48.
bxa6 Rxa6 49.Kb5 1-0

[Event "XIV American Continental"]
[Site "Sao Paulo BRA"]
[Date "2019.07.12"]
[Round "10.60"]
[White "Pereira, Geanfrancesco"]
[Black "Carvalho Junior, Celestino"]
[Result "1-0"]
[WhiteElo "2068"]
[BlackElo "1954"]
[EventDate "2019.07.05"]
[PlyCount "167"]
[EventRounds "11"]
[EventCountry "BRA"]

1.d4 Nf6 2.Nc3 d5 3.Bf4 e6 4.a3 Be7 5.e3 O-O 6.Bd3 b6 7.g4 Bb7 8.g5 Ne4 9.
h4 c5 10.Qg4 c4 11.Be2 Nxc3 12.bxc3 Nc6 13.Nf3 Bd6 14.Qg3 Bb8 15.h5 f5 16.
gxf6 Qxf6 17.Bxb8 Raxb8 18.h6 g6 19.Ng5 Rbe8 20.f4 Ne7 21.Kd2 Nf5 22.Qh3 
Bc8 23.Rhg1 Kh8 24.Rg2 Re7 25.Rag1 Bd7 26.Bg4 b5 27.Bxf5 exf5 28.Nf3 Be8 
29.Ne5 Qd6 30.Ra1 a5 31.Rgg1 Rb7 32.Rgb1 Qe7 33.Qf3 Qd6 34.Ke2 Kg8 35.Kf2 
Bf7 36.Qg2 Rfb8 37.Qg5 Qe6 38.Ra2 Be8 39.Rab2 Kf8 40.Kg3 Rb6 41.Nf3 Qd6 
42.Ne5 Kg8 43.Ra2 Kf8 44.Qh4 Kg8 45.Qh1 Kf8 46.Rab2 Kg8 47.Ra2 Kf8 48.Kf2 
Kg8 49.Qg2 Kf8 50.Nf3 Kg8 51.Nh4 Qe6 52.Rab2 Kf8 53.Rg1 Bf7 54.Nf3 Be8 55.
Ng5 Qg8 56.Rgb1 Ke7 57.Qf1 Kd6 58.Qc1 R8b7 59.a4 Qf8 60.Rxb5 Rxb5 61.axb5 
Qxh6 62.Qa3+ Kd7 63.Nf3 g5 64.fxg5 Qd6 65.Qxa5 f4 66.Ne5+ Ke7 67.exf4 Kf8 
68.Qb4 Qxb4 69.Rxb4 Rxb5 70.Rxb5 Bxb5 71.f5 Ba4 72.Ke3 Bxc2 73.Kf4 Ke7 74.
Ng4 Kf7 75.Nf6 h6 76.Nxd5 hxg5+ 77.Kxg5 Bd3 78.Kf4 Bf1 79.Ke5 Bd3 80.Nf6 
Ke7 81.d5 Bf1 82.d6+ Kf7 83.Ne4 Bg2 84.d7 1-0

[Event "XIV American Continental"]
[Site "Sao Paulo BRA"]
[Date "2019.07.12"]
[Round "10.61"]
[White "Ermel, Francisco Roberto"]
[Black "Soares, Paulo Henrique dos Reis"]
[Result "1-0"]
[WhiteElo "2064"]
[BlackElo "1922"]
[EventDate "2019.07.05"]
[PlyCount "87"]
[EventRounds "11"]
[EventCountry "BRA"]

1.e4 c5 2.Nf3 d6 3.g3 Nf6 4.d3 Nc6 5.Bg2 e5 6.Nc3 Be6 7.Ng5 Bg4 8.f3 Bd7 
9.O-O h6 10.Nh3 g5 11.Nd5 Nxd5 12.exd5 Ne7 13.c4 Bf5 14.Kh1 Qd7 15.Nf2 Bg7
16.f4 exf4 17.gxf4 g4 18.Re1 O-O 19.Ne4 Rfe8 20.Rb1 a5 21.Be3 Bg6 22.Bf2 
f5 23.Nc3 Bf7 24.Qd2 Ng6 25.Nb5 h5 26.d4 b6 27.dxc5 bxc5 28.Re6 Bxe6 29.
dxe6 Rxe6 30.Bxa8 Re8 31.Bd5+ Kh8 32.Re1 Rxe1+ 33.Bxe1 Qe7 34.Bf2 a4 35.
Qe3 Qxe3 36.Bxe3 Bxb2 37.Nxd6 Bd4 38.Bc1 Ne7 39.Be6 Nc6 40.Bxf5 Kg7 41.Bd7
Nb4 42.Nf5+ Kf6 43.Nxd4 cxd4 44.Bb2 1-0

[Event "XIV American Continental"]
[Site "Sao Paulo BRA"]
[Date "2019.07.12"]
[Round "10.62"]
[White "Sega, Carlos Alberto"]
[Black "Hirota da Silva, Nilton"]
[Result "1/2-1/2"]
[WhiteElo "2220"]
[BlackElo "1881"]
[EventDate "2019.07.05"]
[PlyCount "64"]
[EventRounds "11"]
[EventCountry "BRA"]

1.c4 c6 2.Nf3 d6 3.d4 Bg4 4.Nc3 Bxf3 5.exf3 Nf6 6.Bg5 Nbd7 7.Qd2 e6 8.d5 
cxd5 9.cxd5 e5 10.Bxf6 Nxf6 11.Bb5+ Nd7 12.f4 exf4 13.Qxf4 Be7 14.Qg4 g6 
15.O-O a6 16.Bxd7+ Qxd7 17.Qf4 O-O 18.Rae1 Rae8 19.Re2 Bd8 20.Rfe1 Rxe2 
21.Rxe2 Re8 22.Rxe8+ Qxe8 23.g3 Qe1+ 24.Kg2 Bb6 25.Ne4 f5 26.Nf6+ Kg7 27.
Nd7 Ba7 28.Qxd6 Qxf2+ 29.Kh3 Qf1+ 30.Kh4 Qc4+ 31.Kh3 Qf1+ 32.Kh4 Qc4+ 
1/2-1/2

[Event "XIV American Continental"]
[Site "Sao Paulo BRA"]
[Date "2019.07.12"]
[Round "10.63"]
[White "Rangel, Daniel"]
[Black "Dos Reis, Leandro Aparecido C."]
[Result "1-0"]
[WhiteElo "2325"]
[BlackElo "1990"]
[EventDate "2019.07.05"]
[PlyCount "107"]
[EventRounds "11"]
[EventCountry "BRA"]

1.c4 Nf6 2.g3 e5 3.Bg2 Nc6 4.Nc3 Bb4 5.e3 Bxc3 6.bxc3 d5 7.cxd5 Nxd5 8.Ne2
O-O 9.O-O Bg4 10.Bb2 Nb6 11.h3 Be6 12.d4 Qd7 13.Kh2 Rfd8 14.Qc2 Nc4 15.
Rfd1 exd4 16.cxd4 Nxb2 17.Qxb2 Bc4 18.Qxb7 Rab8 19.Qxc6 Bxe2 20.Qxd7 Rxd7 
21.Rdb1 Rb6 22.a4 Bd3 23.Rxb6 axb6 24.a5 bxa5 25.Rxa5 Kf8 26.g4 Ke7 27.Kg3
Rd6 28.Ra7 Kd7 29.Ra8 g5 30.Ra3 Be2 31.Be4 h5 32.Bf5+ Kc6 33.f4 gxf4+ 34.
Kxf4 hxg4 35.hxg4 Kb5 36.Rb3+ Kc6 37.Rb8 Bc4 38.Re8 Kb6 39.Re5 Rd5 40.Rxd5
Bxd5 41.Ke5 Bb3 42.Be4 c5 43.Bd5 f6+ 44.Kd6 c4 45.e4 Ba2 46.e5 fxe5 47.
dxe5 c3 48.Be4 Bb3 49.e6 c2 50.Bxc2 Bxc2 51.g5 Bg6 52.Ke7 Kc7 53.Kf6 Bh7 
54.e7 1-0

[Event "XIV American Continental"]
[Site "Sao Paulo BRA"]
[Date "2019.07.12"]
[Round "10.64"]
[White "Soares, Renan Barbosa Monteiro"]
[Black "Abrantes, Tiago Garrido"]
[Result "0-1"]
[WhiteElo "1985"]
[BlackElo "2177"]
[EventDate "2019.07.05"]
[PlyCount "74"]
[EventRounds "11"]
[EventCountry "BRA"]

1.d4 Nf6 2.c4 g6 3.Nc3 d5 4.cxd5 Nxd5 5.e4 Nxc3 6.bxc3 Bg7 7.Bc4 c5 8.Be3 
O-O 9.Ne2 Nc6 10.O-O Qc7 11.Rc1 b6 12.Qd2 Rd8 13.Bf4 Qd7 14.Bb5 a6 15.Bxc6
Qxc6 16.d5 Qd7 17.Rb1 b5 18.Qe3 Qa7 19.Rfd1 e6 20.Qg3 exd5 21.exd5 Bf5 22.
Rbc1 Re8 23.Be3 Be5 24.Bf4 Qe7 25.Bxe5 Qxe5 26.Qxe5 Rxe5 27.Nf4 Rd8 28.h4 
Rd6 29.c4 Re4 30.Nd3 Rxc4 31.Nxc5 Bc2 32.Nb7 Bxd1 33.Rxc4 bxc4 34.Nxd6 c3 
35.Nb7 c2 36.d6 c1=Q 37.d7 Bg4+ 0-1

[Event "XIV American Continental"]
[Site "Sao Paulo BRA"]
[Date "2019.07.12"]
[Round "10.65"]
[White "Okamura, Milton Kasuo"]
[Black "Fiaes, Mario Henrique Andrade"]
[Result "0-1"]
[WhiteElo "1974"]
[BlackElo "2173"]
[EventDate "2019.07.05"]
[PlyCount "104"]
[EventRounds "11"]
[EventCountry "BRA"]

1.d4 Nf6 2.c4 e6 3.Nc3 Bb4 4.Qc2 c5 5.dxc5 Na6 6.a3 Bxc3+ 7.Qxc3 Nxc5 8.
Bf4 Nce4 9.Qc2 e5 10.Bc1 d5 11.cxd5 Qxd5 12.e3 O-O 13.Bc4 Qc6 14.Nf3 Nd6 
15.Bb3 Qa6 16.Qe2 Qb6 17.Bc2 Be6 18.b3 Bg4 19.h3 Bh5 20.g4 Bg6 21.Bxg6 
fxg6 22.O-O Qxb3 23.Nxe5 Rae8 24.Bb2 Qe6 25.Rac1 Nfe4 26.Kg2 Qd5 27.f3 Ng5
28.Rfd1 Qe6 29.Qd3 Rd8 30.Qd5 Ndf7 31.Qxe6 Nxe6 32.Nd7 Rfe8 33.Kf2 b6 34.
f4 Rc8 35.Kf3 Rxc1 36.Rxc1 Rd8 37.Ne5 Nxe5+ 38.Bxe5 Rd3 39.Rc3 Rd7 40.e4 
Nc5 41.h4 Rd2 42.Bb8 Rh2 43.Ke3 a6 44.Ba7 Rxh4 45.Rc4 Rxg4 46.Bxb6 Ne6 47.
Bc7 Rg3+ 48.Kf2 Rxa3 49.Bd6 Rd3 50.Bb4 h5 51.f5 gxf5 52.exf5 Nd4 0-1

[Event "XIV American Continental"]
[Site "Sao Paulo BRA"]
[Date "2019.07.12"]
[Round "10.66"]
[White "Bueno, Alfeu Junior Varela"]
[Black "Moccero, Eduardo"]
[Result "1/2-1/2"]
[WhiteElo "2169"]
[BlackElo "1933"]
[EventDate "2019.07.05"]
[PlyCount "28"]
[EventRounds "11"]
[EventCountry "BRA"]

1.e4 Nc6 2.Bc4 Nf6 3.Nc3 g6 4.f4 d6 5.Nf3 Bg7 6.Qe2 e5 7.d3 O-O 8.Be3 exf4
9.Bxf4 Na5 10.Bb3 Nxb3 11.axb3 Bd7 12.O-O Bc6 13.Bg5 Qd7 14.Nd4 Nxe4 
1/2-1/2

[Event "XIV American Continental"]
[Site "Sao Paulo BRA"]
[Date "2019.07.12"]
[Round "10.67"]
[White "Baeta, Marcio Netto"]
[Black "Freitas, Remulo Aguiar"]
[Result "1-0"]
[WhiteElo "1903"]
[BlackElo "2129"]
[EventDate "2019.07.05"]
[PlyCount "59"]
[EventRounds "11"]
[EventCountry "BRA"]

1.e4 c5 2.d4 cxd4 3.Nf3 Nc6 4.Nxd4 e5 5.Nb3 Nf6 6.Nc3 Bb4 7.Bd3 d5 8.exd5 
Nxd5 9.O-O Nxc3 10.bxc3 Bxc3 11.Ba3 Bxa1 12.Qxa1 Qg5 13.Qc3 Be6 14.Be4 Rc8
15.Nc5 Nd4 16.Qb2 b6 17.Nb7 f5 18.Nd6+ Kd7 19.f4 Qf6 20.Nxc8 Rxc8 21.fxe5 
Qxe5 22.Rd1 Rc4 23.Bd3 Nf3+ 24.gxf3 Qe3+ 25.Kf1 Qxf3+ 26.Ke1 Qh1+ 27.Kd2 
Qxh2+ 28.Kc1 Qf4+ 29.Kb1 Rc7 30.Bxf5+ 1-0

[Event "XIV American Continental"]
[Site "Sao Paulo BRA"]
[Date "2019.07.12"]
[Round "10.68"]
[White "Andrade, Roberto Luiz Costa"]
[Black "Dos Santos, Matheus Garcett Souza"]
[Result "1-0"]
[WhiteElo "2123"]
[BlackElo "1874"]
[EventDate "2019.07.05"]
[PlyCount "57"]
[EventRounds "11"]
[EventCountry "BRA"]

1.e4 c5 2.Nf3 d6 3.d4 cxd4 4.Nxd4 Nf6 5.Nc3 a6 6.Bg5 e6 7.f4 h6 8.Bh4 Qb6 
9.a3 Be7 10.Bf2 Qc7 11.Qf3 Nbd7 12.O-O-O b5 13.Bd3 Bb7 14.Rhe1 Nc5 15.Kb1 
Nfd7 16.Qg3 Nxd3 17.Rxd3 Rg8 18.e5 d5 19.Nxe6 fxe6 20.Qg6+ Kf8 21.Qxe6 g6 
22.Nxd5 Bxd5 23.Rxd5 Rd8 24.Red1 Nb8 25.Bb6 Rxd5 26.Bxc7 Rxd1+ 27.Ka2 Nd7 
28.Bd6 Bxd6 29.Qxd7 1-0

[Event "XIV American Continental"]
[Site "Sao Paulo BRA"]
[Date "2019.07.12"]
[Round "10.69"]
[White "De Borba, Gabriel"]
[Black "Torres, Eduardo Lisboa"]
[Result "1-0"]
[WhiteElo "2116"]
[BlackElo "1872"]
[EventDate "2019.07.05"]
[PlyCount "75"]
[EventRounds "11"]
[EventCountry "BRA"]

1.e4 c5 2.Nf3 Nc6 3.d4 cxd4 4.Nxd4 Nf6 5.Nc3 e5 6.Ndb5 d6 7.a4 a6 8.Na3 
Be6 9.Bg5 Be7 10.Bxf6 gxf6 11.Bc4 Nb4 12.O-O O-O 13.Bxe6 fxe6 14.Qg4+ Kf7 
15.f4 Rg8 16.Qh5+ Kg7 17.Qh3 Qc8 18.Kh1 Kh8 19.Rad1 Rg7 20.f5 exf5 21.Rxf5
Qg8 22.Nd5 Nxd5 23.Rxd5 Rc8 24.b3 Rg4 25.Qf3 Rc5 26.Rd2 d5 27.exd5 e4 28.
Qe2 Qg6 29.Rf1 f5 30.Nc4 Bd6 31.Nxd6 Qxd6 32.Rxf5 Rh4 33.h3 Rf4 34.Rxf4 
Qxf4 35.d6 Rc8 36.Qf2 Qxf2 37.Rxf2 e3 38.Re2 1-0

[Event "XIV American Continental"]
[Site "Sao Paulo BRA"]
[Date "2019.07.12"]
[Round "10.70"]
[White "Borges, Wagner da Silva"]
[Black "Cabral, Denrick"]
[Result "1-0"]
[WhiteElo "2114"]
[BlackElo "1863"]
[EventDate "2019.07.05"]
[PlyCount "81"]
[EventRounds "11"]
[EventCountry "BRA"]

1.d4 Nf6 2.Nf3 g6 3.Bf4 Bg7 4.e3 d5 5.Be2 c5 6.c3 O-O 7.Nbd2 cxd4 8.exd4 
Nc6 9.h3 Nh5 10.Bh2 Bh6 11.g4 Nf4 12.g5 Ng2+ 13.Kf1 Bxh3 14.Kg1 e5 15.gxh6
e4 16.Bg3 exf3 17.Bxf3 Ne3 18.fxe3 Be6 19.Bg2 f5 20.Qe2 Qf6 21.Rf1 g5 22.
Nf3 Rae8 23.Ne5 Bc8 24.Nxc6 bxc6 25.Be5 Rxe5 26.dxe5 Qxe5 27.Qd3 Rf6 28.
Qd4 Qe7 29.c4 dxc4 30.Rd1 Kf7 31.Bf1 c5 32.Bxc4+ Kg6 33.Qd3 Qe5 34.Qe2 g4 
35.Rd8 Qg3+ 36.Kf1 Be6 37.Bd3 c4 38.Bc2 c3 39.b3 Kg5 40.Qf2 Qc7 41.Qh4+ 
1-0

[Event "XIV American Continental"]
[Site "Sao Paulo BRA"]
[Date "2019.07.12"]
[Round "10.71"]
[White "Lo Kim Lin, Frank"]
[Black "Carvalho, Rafael Cunha de"]
[Result "0-1"]
[WhiteElo "1823"]
[BlackElo "2096"]
[EventDate "2019.07.05"]
[PlyCount "68"]
[EventRounds "11"]
[EventCountry "BRA"]

1.e4 e6 2.d4 d5 3.Nc3 Bb4 4.e5 c5 5.a3 Ba5 6.b4 cxd4 7.Qg4 Ne7 8.Qxg7 Rg8 
9.Qxh7 dxc3 10.bxa5 Nbc6 11.f4 Qxa5 12.Qd3 Bd7 13.Ne2 O-O-O 14.Qxc3 Qc7 
15.Qd3 Na5 16.Be3 Nc4 17.Nd4 Kb8 18.Bf2 Rc8 19.g3 Qa5+ 20.Ke2 Ng6 21.Nb3 
Qd8 22.Qd4 b6 23.Kf3 f6 24.Bd3 fxe5 25.fxe5 Ncxe5+ 26.Ke2 Nxd3 27.Kxd3 e5 
28.Qb4 Bf5+ 29.Ke2 Rxc2+ 30.Nd2 d4 31.Rac1 d3+ 32.Ke1 Qc7 33.Rxc2 dxc2 34.
Nc4 Rc8 0-1

[Event "XIV American Continental"]
[Site "Sao Paulo BRA"]
[Date "2019.07.12"]
[Round "10.72"]
[White "Araujo, Jose Roberto"]
[Black "De Freitas, Julio Eimard"]
[Result "1/2-1/2"]
[WhiteElo "2079"]
[BlackElo "1799"]
[EventDate "2019.07.05"]
[PlyCount "26"]
[EventRounds "11"]
[EventCountry "BRA"]

1.e4 c5 2.Nc3 a6 3.g3 Nf6 4.Bg2 Nc6 5.d3 g6 6.Nge2 Bg7 7.O-O O-O 8.h3 d6 
9.Be3 e5 10.f4 Nd4 11.Qd2 Nh5 12.fxe5 Bxe5 13.g4 Ng7 1/2-1/2

[Event "XIV American Continental"]
[Site "Sao Paulo BRA"]
[Date "2019.07.12"]
[Round "10.73"]
[White "Jenidarchiche, Douglas Rodrigo"]
[Black "Takano, Nicholas Ryo"]
[Result "0-1"]
[WhiteElo "1754"]
[BlackElo "2077"]
[EventDate "2019.07.05"]
[PlyCount "86"]
[EventRounds "11"]
[EventCountry "BRA"]

1.d4 Nf6 2.c4 g6 3.Nf3 Bg7 4.Nc3 O-O 5.Bg5 d6 6.e3 Nbd7 7.Be2 h6 8.Bh4 e5 
9.Qc2 c6 10.O-O Qe7 11.Rfd1 g5 12.Bg3 Nh5 13.b4 f5 14.dxe5 dxe5 15.Nd2 
Nxg3 16.hxg3 Qxb4 17.Rab1 Qe7 18.g4 Nc5 19.Nb3 Nxb3 20.Qxb3 e4 21.Na4 Kh8 
22.gxf5 Rxf5 23.Bg4 Rf7 24.Bh5 Rf8 25.c5 g4 26.Rd2 Qf6 27.Qc4 Qf5 28.Nc3 
Qxh5 29.Nxe4 Qf7 30.Qb4 a5 31.Qa3 Qg6 32.Qa4 Bf5 33.Rd6 Qe8 34.f3 gxf3 35.
gxf3 Bxe4 36.Rxb7 Qe5 37.f4 Qa1+ 38.Kf2 Rab8 39.Rdd7 Rxb7 40.Rxb7 Rd8 41.
Qxa5 Qd1 42.Kg3 Qf3+ 43.Kh4 Bf6# 0-1

[Event "XIV American Continental"]
[Site "Sao Paulo BRA"]
[Date "2019.07.12"]
[Round "10.74"]
[White "Cordero Loup, Ely Daniela"]
[Black "Passos, Rafael Moreira"]
[Result "1-0"]
[WhiteElo "2076"]
[BlackElo "1808"]
[EventDate "2019.07.05"]
[PlyCount "83"]
[EventRounds "11"]
[EventCountry "BRA"]

1.d4 e6 2.Nf3 Nf6 3.c4 Bb4+ 4.Bd2 Qe7 5.g3 Nc6 6.Qc2 Bxd2+ 7.Nbxd2 d6 8.e4
e5 9.d5 Nb8 10.Bg2 a5 11.O-O O-O 12.Ne1 Na6 13.Nd3 Nd7 14.a3 Nac5 15.b4 
Nxd3 16.Qxd3 b6 17.Rac1 Bb7 18.Nb3 Qg5 19.Qc3 axb4 20.axb4 Ra3 21.Ra1 Rfa8
22.Rxa3 Rxa3 23.Ra1 Rxa1+ 24.Qxa1 Qd8 25.Qa4 Nf6 26.c5 Qa8 27.Qxa8+ Bxa8 
28.c6 g6 29.Nd2 Ng4 30.Bf1 f5 31.Ba6 Nf6 32.Nc4 Bxc6 33.dxc6 Ne8 34.exf5 
gxf5 35.Bc8 f4 36.gxf4 exf4 37.Kg2 Kg7 38.Bd7 Kf7 39.Bxe8+ Kxe8 40.Kf3 Ke7
41.Kxf4 b5 42.Na3 1-0

[Event "XIV American Continental"]
[Site "Sao Paulo BRA"]
[Date "2019.07.12"]
[Round "10.75"]
[White "Cadilhac, Mariana Sawae Kikuchi"]
[Black "Urquiza, Marcello de Albuquerque"]
[Result "0-1"]
[WhiteElo "1639"]
[BlackElo "2043"]
[EventDate "2019.07.05"]
[PlyCount "82"]
[EventRounds "11"]
[EventCountry "BRA"]

1.e4 c5 2.Nf3 d6 3.d4 cxd4 4.Nxd4 a6 5.c4 Nf6 6.Nc3 Qc7 7.a3 b6 8.Be3 Bb7 
9.f3 e6 10.Be2 Nbd7 11.O-O Be7 12.Rc1 O-O 13.b4 Rac8 14.Qd2 Qb8 15.Rfd1 
Rfe8 16.Nb3 Bd8 17.Bf4 Ne5 18.Na4 Bc7 19.Bxe5 dxe5 20.c5 Bc6 21.Nxb6 Bxb6 
22.cxb6 Qxb6+ 23.Nc5 Ba4 24.Re1 Nd7 25.Qe3 a5 26.Qf2 Nxc5 27.Rxc5 Rxc5 28.
Qxc5 Qxc5+ 29.bxc5 Rc8 30.Rc1 Kf8 31.Kf2 Ke7 32.Ke3 Kd7 33.Bd1 Bb5 34.Be2 
Bxe2 35.Kxe2 Kc6 36.a4 Rb8 37.Kd3 Rb3+ 38.Rc3 Rxc3+ 39.Kxc3 Kxc5 40.h4 h5 
41.g3 f5 0-1

[Event "XIV American Continental"]
[Site "Sao Paulo BRA"]
[Date "2019.07.12"]
[Round "10.76"]
[White "Ferreira, Kleber Victor"]
[Black "Ferreira, Caio Tulio Moreira"]
[Result "1/2-1/2"]
[WhiteElo "2038"]
[BlackElo "1579"]
[EventDate "2019.07.05"]
[PlyCount "46"]
[EventRounds "11"]
[EventCountry "BRA"]

1.d4 Nf6 2.Nc3 g6 3.e4 d6 4.f4 Bg7 5.e5 dxe5 6.fxe5 Nfd7 7.Nf3 O-O 8.Bc4 
c5 9.e6 fxe6 10.Bxe6+ Kh8 11.d5 Ne5 12.Nxe5 Bxe5 13.Bh6 Bg7 14.Bxg7+ Kxg7 
15.Bxc8 Qxc8 16.Qe2 Qc7 17.O-O-O Na6 18.Rde1 Rf7 19.g3 Qd6 20.Qg4 Nc7 21.
Rd1 Rd8 22.h4 h5 23.Qe4 Qb6 1/2-1/2

[Event "XIV American Continental"]
[Site "Sao Paulo BRA"]
[Date "2019.07.12"]
[Round "10.77"]
[White "Bouwman, Marcelo Wanderley"]
[Black "Arruda Filho, Ivo Pereira de"]
[Result "1-0"]
[WhiteElo "2234"]
[BlackElo "1744"]
[EventDate "2019.07.05"]
[PlyCount "67"]
[EventRounds "11"]
[EventCountry "BRA"]

1.e4 c6 2.d4 d5 3.e5 c5 4.dxc5 e6 5.Be3 Nd7 6.Bb5 a6 7.Ba4 Qa5+ 8.c3 Qc7 
9.b4 Qxe5 10.Nf3 Qh5 11.Qd4 Ne7 12.g4 Qg6 13.Ne5 Qe4 14.Qxe4 dxe4 15.Nd2 
f6 16.Nec4 Nc6 17.Nxe4 Be7 18.O-O-O O-O 19.f4 f5 20.gxf5 exf5 21.Ned6 Nf6 
22.Nb6 Be6 23.Nxb7 Rac8 24.Nxc8 Rxc8 25.Bxc6 Rxc6 26.Nd8 Bxd8 27.Rxd8+ Kf7
28.a4 Nd5 29.Bd4 Nxf4 30.b5 axb5 31.axb5 Rc8 32.Rxc8 Bxc8 33.c6 Be6 34.b6 
1-0